Biggest 10 cities for each country in Eastern Balkans - Statistics

General Stats
  • This quiz has been taken 50 times
  • The average score is 21 of 50
Answer Stats
Answer % Correct
Belgrade
93%
Pristina
93%
Novi Sad
91%
Skopje
88%
Sofia
88%
Varna
88%
Bucharest
84%
Plovdiv
84%
Nis
81%
Cluj-Napoca
79%
Burgas
70%
Iasi
70%
Timisoara
70%
Constanta
60%
Bitola
53%
Ohrid
53%
Prizren
53%
Ruse
49%
Subotica
49%
Craiova
44%
Kragujevac
44%
Kumanovo
44%
Stara Zagora
42%
Tetovo
37%
Galati
35%
Ploiesti
33%
Dobrich
30%
Pleven
30%
Sliven
30%
Mitrovica
28%
Prilep
28%
Leskovac
23%
Novi Pazar
23%
Shumen
23%
Stip
23%
Braila
21%
Veles
21%
Strumica
19%
Ferizaj
16%
Krusevac
16%
Pancevo
16%
Gjakova
14%
Kraljevo
14%
Peja
14%
Gjilan
12%
Gostivar
12%
Vushtrri
12%
Podujeva
9%
Fushë Kosovë
5%
Blasov
0%
No matching quizzes found
Score Distribution
Percent of People with Each Score
Percentile by Number Answered
Your Score History
You have not taken this quiz